Franklin rides a bike / (Record no. 28215)

MARC details
000 -LEADER
fixed length control field 01595cam a2200433Ia 4500
001 - CONTROL NUMBER
control field sjdszescon b72905
003 - CONTROL NUMBER IDENTIFIER
control field sjds
005 - DATE AND TIME OF LATEST TRANSACTION
control field 20230625183929.0
008 - FIXED-LENGTH DATA ELEMENTS--GENERAL INFORMATION
fixed length control field 040624r19981997onca b 000 f eng d
020 ## - INTERNATIONAL STANDARD BOOK NUMBER
Canceled/invalid ISBN 1550743546 (pbk.)
020 ## - INTERNATIONAL STANDARD BOOK NUMBER
Canceled/invalid ISBN 9781550743548
040 ## - CATALOGING SOURCE
Original cataloging agency MNL
Transcribing agency MNL
Modifying agency OCLCQ
-- OCL
-- MTU
-- SKYRV
041 ## - LANGUAGE CODE
Language code of text/sound track or separate title eng
090 ## - LOCALLY ASSIGNED LC-TYPE CALL NUMBER (OCLC); LOCAL CALL NUMBER (OCLC)
Classification number (OCLC) (R) ; Classification number, CALL (RLIN) (NR) Bourgeois
090 ## - LOCALLY ASSIGNED LC-TYPE CALL NUMBER (OCLC); LOCAL CALL NUMBER (OCLC)
Classification number (OCLC) (R) ; Classification number, CALL (RLIN) (NR) JE Bourgeois
100 1# - MAIN ENTRY--PERSONAL NAME
Personal name Bourgeois, Paulette.
245 10 - TITLE STATEMENT
Title Franklin rides a bike /
Statement of responsibility, etc. Paulette Bourgeois ; Brenda Clark [illustrator].
246 1# - VARYING FORM OF TITLE
Display text At head of title:
Title proper/short title Weekly Reader Children's Book Club presents.
250 ## - EDITION STATEMENT
Edition statement 1998 ed.
260 ## - PUBLICATION, DISTRIBUTION, ETC. (IMPRINT)
Place of publication, distribution, etc. Toronto :
Name of publisher, distributor, etc. Kids Can Press,
Date of publication, distribution, etc. 1998, c1997.
300 ## - PHYSICAL DESCRIPTION
Extent 1 volume (unpaged) :
Other physical details illustrations ;
Dimensions 24 cm.
336 ## - CONTENT TYPE
Content type term text
Source rdacontent.
337 ## - MEDIA TYPE
Media type term unmediated
Source rdamedia.
338 ## - CARRIER TYPE
Carrier type term volume
Source rdacarrier.
500 ## - GENERAL NOTE
General note "Weekly Reader Books"--P. [4] of cover.
500 ## - GENERAL NOTE
General note Previously published: Toronto: Kids Can Press, 1997.
520 ## - SUMMARY, ETC.
Summary, etc. Determined to ride his bike without training wheels, Franklin cannot understand why it seems so easy for his friends - and why it is so hard for him."
521 0# - TARGET AUDIENCE NOTE
Target audience note 2.
521 1# - TARGET AUDIENCE NOTE
Target audience note 3-7.
650 #0 - SUBJECT ADDED ENTRY--TOPICAL TERM
Topical term or geographic name as entry element Franklin (Fictitious character : Bourgeois)
Form subdivision Juvenile fiction.
650 #0 - SUBJECT ADDED ENTRY--TOPICAL TERM
Topical term or geographic name as entry element Training wheels
Form subdivision Juvenile fiction.
650 #0 - SUBJECT ADDED ENTRY--TOPICAL TERM
Topical term or geographic name as entry element Cycling
Form subdivision Juvenile fiction.
650 #0 - SUBJECT ADDED ENTRY--TOPICAL TERM
Topical term or geographic name as entry element Persistence
Form subdivision Juvenile fiction.
650 #0 - SUBJECT ADDED ENTRY--TOPICAL TERM
Topical term or geographic name as entry element Frustration
Form subdivision Juvenile fiction.
650 #0 - SUBJECT ADDED ENTRY--TOPICAL TERM
Topical term or geographic name as entry element Perseverance (Ethics)
Form subdivision Juvenile fiction.
655 #0 - INDEX TERM--GENRE/FORM
Genre/form data or focus term Picture books for children.
700 1# - ADDED ENTRY--PERSONAL NAME
Personal name Clark, Brenda,
Relator term illustrator.
942 ## - ADDED ENTRY ELEMENTS (KOHA)
Koha item type Libro/Book
Holdings
Withdrawn status Lost status Damaged status Not for loan Home library Current library Shelving location Date acquired Inventory number Total Checkouts Full call number Barcode Date last seen Date checked out Price effective from Koha item type
        San Juan Del Sur -- Biblioteca San Juan Del Sur -- Biblioteca Children's Area 25/06/2023 Inventory date: 15-5-25 2 JFI CAJA/ESTANTE INGLES 30023072 06/12/2025 02/12/2025 25/06/2023 Libro/Book

Powered by Koha